000
00338 a2200157 4500
001
62166
020
_a
8516004791
040
_c
Anchieta - Pituba
100
_a
Soares, Paulo Toledo
240
1
0
_a
O mundo das cores
_l
por
245
1
0
_a
O mundo das cores
300
_a
56
362
0
_a
1991
650
4
_a
Ensino fundamental
942
_c
BK
999
_c
62166
_d
62166